000
00217 a2200097 4500
001
58084
100
_a
245
_a
Robert Ludlum's;The Ambler Warning
260
_a
london
_b
Orion Books
_c
2006
090
_c
35596
_d
35596
942
_a
NUST-CAE
_c
_c
28442
999
_c
293157
_d
293157